| 000 | 00605nam a22002177a 4500 | ||
|---|---|---|---|
| 003 | OSt | ||
| 005 | 20140310181927.0 | ||
| 008 | 130720t xxu||||| |||| 00| 0 eng d | ||
| 050 |
_aQA 93 _b.Sch372s9t 2011 |
||
| 082 |
_aTR 510 _bSm7 2011 |
||
| 110 | _aCambridge University Press | ||
| 245 |
_aSMP Interact 9T : _bpractice for book 9T / |
||
| 260 |
_aCambridge : _bCambridge University Press, _cc2011. |
||
| 300 |
_a64 p. ; _bill. ; _c210 cm. |
||
| 521 | _aFaculty | ||
| 541 | _j1 | ||
| 562 | _e1 | ||
| 650 |
_aMathematics _9210 |
||
| 710 | _a Cambridge University Press | ||
| 942 |
_2lcc _cBK-TR _kTR |
||
| 999 |
_c7207 _d7207 |
||